LEADER 02996nam 2200661 a 450 001 9910459683503321 005 20200520144314.0 010 $a988-220-675-1 010 $a1-282-70875-9 010 $a9786612708756 010 $a988-8052-13-6 035 $a(CKB)2670000000039474 035 $a(EBL)3011738 035 $a(SSID)ssj0000414336 035 $a(PQKBManifestationID)11263143 035 $a(PQKBTitleCode)TC0000414336 035 $a(PQKBWorkID)10401389 035 $a(PQKB)11561252 035 $a(StDuBDS)EDZ0000035470 035 $a(MiAaPQ)EBC3011738 035 $a(OCoLC)650586929 035 $a(MdBmJHUP)muse7138 035 $a(Au-PeEL)EBL3011738 035 $a(CaPaEBR)ebr10453700 035 $a(CaONFJC)MIL270875 035 $a(OCoLC)923635120 035 $a(EXLCZ)992670000000039474 100 $a20100223d2009 uy 0 101 0 $aeng 135 $aur|n|---||||| 181 $ctxt 182 $cc 183 $acr 200 10$aCollaborative colonial power$b[electronic resource] $ethe making of the Hong Kong Chinese /$fLaw Wing Sang 210 $aHong Kong $cHong Kong University Press ;$aLondon $cEurospan [distributor]$d2009 215 $a1 online resource (277 p.) 225 1 $aHong Kong culture and society 300 $aDescription based upon print version of record. 311 $a962-209-930-0 311 $a962-209-929-7 320 $aIncludes bibliographical references and index. 327 $a""Contents""; ""Series Foreword""; ""Acknowledgements""; ""Introduction: Coloniality and Hong Kong Chineseness""; ""I - Collaboration and Institutions""; ""1 - Social Fabric of a Collaborative Colonialism""; ""2 - Cultural Coloniality: The English Language and Schooling""; ""3 - Pedagogy of Imperialism: Indirect Rule and HKU""; ""II - Hong Kong In-Betweens""; ""4 - Double Identity of the Colonial Intelligentsia: Ho Kai""; ""5 - Chinese Cultural Nationalism and Southern Localism""; ""6 - Cultural Cold War and the Diasporic Nation""; ""III - Lingering Colonialism"" 327 $a""7 - Indigenizing Colonial Power and the Return to China""""8 - Northbound Colonialism: Reinventing Hong Kong Chinese""; ""Conclusion: Re-theorizing Colonial Power""; ""Character List""; ""Notes""; ""Bibliography""; ""Index"" 330 8 $aThe contents of this work cover the social fabric of a collaborative colonialism, Chinese cultural nationalism and southern localism, cultural Cold War and the disaporic nation and much more. 410 0$aHong Kong culture and society. 607 $aHong Kong (China)$xColonial influence 607 $aHong Kong (China)$xCivilization 607 $aHong Kong (China)$xPolitics and government 608 $aElectronic books. 676 $a951.25 700 $aLaw$b Wing Sang$01037273 801 0$bMiAaPQ 801 1$bMiAaPQ 801 2$bMiAaPQ 906 $aBOOK 912 $a9910459683503321 996 $aCollaborative colonial power$92458125 997 $aUNINA LEADER 01332nam a22003975i 4500 001 991002255439707536 007 cr nn 008mamaa 008 121227s1998 de | s |||| 0|eng d 020 $a9783540696971 035 $ab1414539x-39ule_inst 040 $aBibl. Dip.le Aggr. Matematica e Fisica - Sez. Matematica$beng 082 04$a518$223 084 $aAMS 65-02 084 $aAMS 35A08 084 $aAMS 45-02 084 $aAMS 46F99 084 $aAMS 65N38 084 $aAMS 65N99 084 $aAMS 65R20 084 $aAMS 73V10 084 $aAMS 73V20 100 1 $aPomp, Andreas$061765 245 14$aThe boundary-domain integral method for elliptic systems$h[e-book] /$cby Andreas Pomp 260 $aBerlin :$bSpringer,$c1998 300 $a1 online resource (xiv, 172 p.) 440 0$aLecture Notes in Mathematics,$x0075-8434 ;$v1683 650 0$aMathematics 650 0$aDifferential equations, partial 650 0$aNumerical analysis 773 0 $aSpringer eBooks 856 40$uhttp://dx.doi.org/10.1007/BFb0094576$zAn electronic book accessible through the World Wide Web 907 $a.b1414539x$b03-03-22$c05-09-13 912 $a991002255439707536 996 $aBoundary-domain integral method for elliptic systems$978818 997 $aUNISALENTO 998 $ale013$b05-09-13$cm$d@ $e-$feng$gde $h4$i0 LEADER 01519nam0 2200289 i 450 001 VAN00063066 005 20240806100530.418 100 $a20080226d2007 |0itac50 ba 101 $aita 102 $aIT 105 $a|||| ||||| 200 1 $aPiero della Francesca e la cultura prospettica Beato Angelico, Paolo Uccello, Domenico Veneziano, Vecchietta, Antoniazzo Romano, Melozzo da Forli, Francesco di Giorgio Martini, Lorenzo da Viterbo, Bartolomeo della Gatta$fAlessandro Angelini$gcatalogo di Francesco Morio ed Elisabetta Neri 205 $aMilano : Il sole 24 ore$gFirenze : E-ducation.it 210 $a358 p.$cin gran parte ill. ; 29 cm 215 $aDistribuito con Il sole 24 ore, settembre 31/2007. 410 1$1001VAN00063064$12001 $aˆI ‰grandi maestri dell'arte$el'artista e il suo tempo$1210 $aMilano$cIl sole 24 Ore ; Firenze$cE-ducation.it$d2007-.$v12 620 $dMilano$3VANL000284 700 1$aAngelini$bAlessandro$3VANV023650$0155328 702 1$aMori$bFrancesco$3VANV050101 702 1$aNeri$bElisabetta$3VANV050100 712 $aIl sole 24 ore $3VANV108714$4650 801 $aIT$bSOL$c20240906$gRICA 899 $aBIBLIOTECA DEL DIPARTIMENTO DI LETTERE E BENI CULTURALI$1IT-CE0103$2VAN07 912 $aVAN00063066 950 $aBIBLIOTECA DEL DIPARTIMENTO DI LETTERE E BENI CULTURALI$d07CONS Pa Piero Della $e07 18104 Francesc20080226 996 $aPiero della Francesca e la cultura prospettica$9249257 997 $aUNICAMPANIA LEADER 00833nam a2200229 i 4500 001 991004359537107536 005 20250102091903.0 008 250102s1976 it er 001 0 ita d 040 $aBibl. Dip.le Aggr. Scienze Giuridiche - Sez. Studi Giuridici$bita$cSocioculturale Scs 041 0 $aita 082 04$a796.0945$223 100 1 $aFabrizio, Felice$0560322 245 10$aSport e fascismo :$bla politica sportiva del regime : 1924-1936 /$cFelice Fabrizio 260 $aFirenze :$bGuaraldi,$c1976 300 $a187 p., [16] c. di tav. :$bill. ;$c21 cm 490 1 $aPresente e imperfetto. Nuova serie ;$v11 650 4$aSport$yItalia$y1924-1936 650 4$aSport$xConcezione fascista 830 0$aPresente e imperfetto.$nNuova serie ;$v11 912 $a991004359537107536 996 $aSport e fascismo$94306849 997 $aUNISALENTO